Digitális és hagyományos kultúraközvetítés a kereslet átalakulása és a kínálat válasza

Bibliográfiai részletek
Szerző: Rózsa Zoltán Márk
További közreműködők: Gászné Bősz Bernadett
Dokumentumtípus: Diplomadolgozat
Kulcsszavak:digitalizáció
generációk
koronavírus-járvány (COVID-19)
kultúra
kultúraközvetítés
kultúraközvetítői trendek
Online Access:http://dolgozattar.uni-bge.hu/59454

MARC

LEADER 00000nta a2200000 i 4500
001 dolg59454
005 20260409145059.0
008 260409suuuu hu om 000 hun d
040 |a BGE Dolgozattár Repozitórium  |b hun 
041 |a hu 
100 1 |a Rózsa Zoltán Márk 
245 1 0 |a Digitális és hagyományos kultúraközvetítés  |b a kereslet átalakulása és a kínálat válasza  |c Rózsa Zoltán Márk  |h [elektronikus dokumentum] 
520 3 |a A digitalizáció terjedésével a kultúraközvetítés is drasztikus változásokon esett át az idők során, a technológiai fejlődés, leginkább az internet elterjedése, sok, szerteágazó lehetőséget nyitott meg az intézmények számára. Átformálta nem csak azt, hogy milyen kulturális tartalmakhoz férünk hozzá, hanem azt is, hogy miként, mikor és milyen motivációból fogyasztjuk azokat. A kultúraközvetítő egységeknek alkalmazkodniuk kellett és kell is a változó tendenciákhoz, hogy az elérésük ne csökkenjen az idők során. A kutatásom célja leginkább annak feltérképezése, hogy hogyan változtak a magyar közönség kultúrafogyasztási szokásai, milyen hatással bírt a digitalizáció az intézmények működésére, és milyen stratégiákat alkalmazva tartják meg és frissítik a közönségüket. Napjainkban nem szimplán helyszíni részvétellel találkozhatunk a kultúrával, hanem online platformok segítségével tájékozódhatunk az interneten. Különös motiváció volt a Covid-19 járvány időszaka, mely alatt a digitalizáció folyamata kényszerűségből felgyorsult. Az intézmények kénytelenek voltak alkalmazkodni az adott helyzethez, így a programjaikat online térbe ültetve próbálták a közönség figyelmét és érdeklődését fenntartani. A kihívások itt kezdődtek igazán. A szakirodalmi áttekintés és tanulmányok során a hagyományos és digitális kultúraközvetítői eszközökről, fogalmakról gyűjtöttem információkat és adatokat. Kutatásom kitért az élményszerűségre, az individualizációra, az idő- és térfüggetlen fogyasztásra, valamint az interaktivitás jelentőségére. Ezen része a dolgozatnak megalapozta a saját kutatásaimat, biztosította az alapvető és szükséges információkat. A fogalmak tisztázása után a generációs különbségekkel, a kultúra árucikké válásának dilemmájával, illetve a kultúrafogyasztás történetével és társadalmi beágyazottságával foglalkoztam. Fontos szerepet kapott a pandémia hatása is a kultúraközvetítő szektorra. Kutatásaimat 2 csoportra bonthatom, készítettem egy kvantitatív alapokon támaszkodó kérdőívet, mely során 86 kitöltőt kérdeztem meg kultúrafogyasztási szokásaikról, motivációikról, de leginkább a kultúraközvetítési formák preferenciáinak vizsgálatáról szólt. A kérdőívezés folyamata után felkerestem egy, a MÜPA színei alatt dolgozó szakembert, akivel egy írásos interjú keretein belül 8 kérdést tárgyaltunk ki. 
695 |a digitalizáció 
695 |a generációk 
695 |a koronavírus-járvány (COVID-19) 
695 |a kultúra 
695 |a kultúraközvetítés 
695 |a kultúraközvetítői trendek 
700 1 |a Gászné Bősz Bernadett  |e ths 
856 4 0 |u http://dolgozattar.uni-bge.hu/59454/1/Szakdolgozat_R%C3%B3zsa_Zolt%C3%A1n_M%C3%A1rk.pdf  |z Dokumentum-elérés 
856 4 0 |u http://dolgozattar.uni-bge.hu/59454/2/R%C3%B3zsa_Zolt%C3%A1n_M%C3%A1rk_szakdolgozati_%C3%A9rt%C3%A9kel%C5%91_G%C3%A1szn%C3%A9%20B%C5%91sz%20Bernadett.pdf  |z Dokumentum-elérés 
856 4 0 |u http://dolgozattar.uni-bge.hu/59454/3/R%C3%B3zsa_Zolt%C3%A1n_%20b%C3%ADr%C3%A1lati%20lap%202025_Nagy_Andrea_Ritta.pdf  |z Dokumentum-elérés